000 01292cab a22002415a 4500
001 L139927
008 070820e20070815xxk f 000 0 eng d
035 _a(Sirsi) u139927
041 0 _aeng
100 1 _aWarrender, Alex
245 0 0 _aPayment provision changes
260 _c2007
490 0 _aContract Journal
_v439(6638) 15 August 2007, 24(1)
520 _aDiscusses proposed changes to the payment provisions in the Housing Grants, Construction and Regeneration Act 1996, as outlined in the consultation document (L138559). Looks at the objectives behind the proposed amendments, what the term 'sum due' means, and proposals to prohibit the use of pay-when-certified clauses in construction contracts. Concludes that the revised payment framework will improve communications and cash flow through the contractual chain.
590 _aKA
650 2 4 _aHOUSING GRANTS, CONSTRUCTION AND REGENERATION ACT 1996 S110
650 2 4 _aHOUSING GRANTS, CONSTRUCTION AND REGENERATION ACT 1996 S111
650 2 4 _aHOUSING GRANTS, CONSTRUCTION AND REGENERATION ACT 1996 S112
650 2 4 _aHOUSING GRANTS, CONSTRUCTION AND REGENERATION ACT 1996 S113
651 4 _aGreat Britain
_y1707-
690 _aBUILT ENVIRONMENT-CONSTRUCTION MANAGEMENT-BUILDING CONTRACT ADMINISTRATION
942 _n0
999 _c79133
_d79133